Les 5 Capitales les plus proches de Beyrouth, Damas, Amman, Jérusalem et Le Caire - Statistiques

Statistiques générales
  • Ce quiz a été pris 92 fois
  • Le résultat moyen est 6 sur 6
Statistiques - réponses
Réponse % Correct
Damas
100%
Jérusalem
99%
Le Caire
99%
Amman
96%
Beyrouth
94%
Nicosie
80%
Aucun quiz correspondant
Distribution des résultats
% des personnes avec chaque résultat
Percentile par nombre de réponses
Votre historique - résultats
Vous n’avez pas pris ce quiz